000 00660 a2200217 4500
001 54396
005 20260407155817.0
008 260407a1984 arg spa d
003 AR-UNSa-BCEJYS
040 _aAR-UNSa-BCEJYS
_bspa
_cAR-UNSa-BCEJYS
080 _a329PJ
_xPartido Justicialista (Peronismo)
245 1 0 _aPerón y su tiempo
020 _a950-07-0748-9
264 1 _aBuenos Aires :
_bSudamericana
_c1984
300 _a996 p.
_c23 cm.
505 _a1. La Argentina era una fiesta – 2. La comunidad organizada – 3. El régimen exhausto.
041 _aspa
942 _cBK
590 _aniveau_biblio:m niveau_hierar:0
100 1 _aLuna, Félix
999 _c5553
_d5553